COMMON PRESENTING ISSUES IN PSYCHOTHERAPEUTIC PRACTICE (Record no. 13928)
[ view plain ]
| 000 -LEADER | |
|---|---|
| fixed length control field | 00313nam a22001337a 4500 |
| 003 - CONTROL NUMBER IDENTIFIER | |
| control field | SGT |
| 082 ## - DEWEY DECIMAL CLASSIFICATION NUMBER | |
| Classification number | 155.262 |
| Item number | C14D |
| 100 ## - MAIN ENTRY--PERSONAL NAME | |
| Personal name | DOUGLA, BARBARA |
| 245 ## - TITLE STATEMENT | |
| Title | COMMON PRESENTING ISSUES IN PSYCHOTHERAPEUTIC PRACTICE |
| 260 ## - PUBLICATION, DISTRIBUTION, ETC. (IMPRINT) | |
| Place of publication, distribution, etc | LONDON |
| Name of publisher, distributor, etc | SAGE |
| Year of Publication | 2014 |
| 300 ## - PAGE DESCRIPTION | |
| No. of Pages | 181 |
| 650 ## - SUBJECT ADDED ENTRY--TOPICAL TERM | |
| Topical term or geographic name as entry element | PSYCHOLOGY |
| 942 ## - ADDED ENTRY ELEMENTS (KOHA) | |
| Source of classification or shelving scheme | Dewey Decimal Classification |
| Koha item type | Books |
| Withdrawn status | Lost status | Source of classification or shelving scheme | Damaged status | Not for loan | Collection code | Home library | Current library | Shelving location | Date acquired | Vendor Name | SGTU | Bill Number | Total Checkouts | Full call number | Accession No. (Barcode) | Date last seen | Bill Date | Koha item type |
|---|---|---|---|---|---|---|---|---|---|---|---|---|---|---|---|---|---|---|
| Dewey Decimal Classification | Not For Loan | MEDICAL | SGT Medical Library | SGT Medical Library | Reference Book | 09/12/2017 | ABC | SGTU | 8349 | 155.262 C14D | FM8862 | 09/12/2017 | 23/06/2017 | Books |